| 000 | 01172nam a22002657a 4500 | ||
|---|---|---|---|
| 005 | 20170124103032.0 | ||
| 010 | _aA-734527 | ||
| 020 | _c80.00 | ||
| 035 | _aA-734527 | ||
| 037 | _bCen Lib/Ret | ||
| 040 |
_aDPL _bHN |
||
| 082 |
_aउ _bवंधोपा |
||
| 100 |
_aवंधोपाध्याय, माणिक _99382 |
||
| 245 |
_aपद्मा नदी का माझी / _cमाणिक वंधोपाध्याय; अनुवादक योगेन्द्र चौधरी |
||
| 246 |
_aPadma nadi ka majhi / _bby Manik Vandhopadhaya; anuvadak Yogendra Choudhary |
||
| 260 |
_aदिल्ली _bजनवाणी प्रकाशन _c1995 |
||
| 270 |
_a30/22-A, गली-९, विश्वास नगर, शाहदरा _bदिल्ली _e110032 |
||
| 300 |
_a112पृ. _c21सेमी (सजिल्द) |
||
| 650 |
_aबंगला साहित्य _964242 |
||
| 650 |
_aउपन्यास _964243 |
||
| 650 |
_aBangla literature _964244 |
||
| 650 |
_aFiction _98901 |
||
| 700 |
_aचौधरी, योगेन्द्र _964245 |
||
| 942 |
_2ddc _cHN _hउ _mवंधोपा |
||
| 999 |
_c115985 _d115985 |
||